[Event "Heusenstamm Sparkassen op-B 9th"]
[Site "Heusenstamm"]
[Date "2023.11.26"]
[Round "7"]
[White "Koch, Mika Jonas"]
[Black "Karres, David Tobias"]
[Result "1-0"]
[WhiteElo "1412"]
[BlackElo "1450"]
[PlyCount "61"]
[EventDate "2023.11.23"]
[EventType "swiss"]
[EventRounds "7"]
[EventCountry "GER"]
[SourceTitle "EXT 2025"]
[Source "ChessBase"]
[SourceDate "2024.10.14"]
[SourceVersion "1"]
[SourceVersionDate "2024.10.14"]
[SourceQuality "1"]

1. c4 Nf6 2. d4 e6 3. Nc3 Bb4 4. Bd2 d5 5. e3 0-0 6. Nf3 Nbd7 7. Bd3 c5 8. 0-0 Ba5 9. Qc2 Bc7 10. Nb5 Bb8 11. cxd5 exd5 12. dxc5 Ne5 13. Nxe5 Bxe5 14. Bc3 Bxh2+ 15. Kxh2 Ng4+ 16. Kg3 Qg5 17. f4 Qe7 18. Bd4 Nxe3 19. Bxe3 Qxe3+ 20. Rf3 Qe6 21. Bxh7+ Kh8 22. Rh1 g6 23. Qc3+ f6 24. Bxg6+ Kg8 25. f5 Qe5+ 26. Qxe5 fxe5 27. Nd6 Bd7 28. Kg4 e4 29. Rfh3 Kg7 30. Kg5 Rh8 31. f6+ 1-0

[Event "Heusenstamm Sparkassen op-B 9th"]
[Site "Heusenstamm"]
[Date "2023.11.24"]
[Round "2"]
[White "Weyerer, Elea"]
[Black "Karres, David Tobias"]
[Result "0-1"]
[WhiteElo "1305"]
[BlackElo "1450"]
[PlyCount "130"]
[EventDate "2023.11.23"]
[EventType "swiss"]
[EventRounds "7"]
[EventCountry "GER"]
[SourceTitle "EXT 2025"]
[Source "ChessBase"]
[SourceDate "2024.10.14"]
[SourceVersion "1"]
[SourceVersionDate "2024.10.14"]
[SourceQuality "1"]

1. d4 Nf6 2. Bf4 e6 3. e3 c5 4. c3 b6 5. Nf3 Bb7 6. Nbd2 Nc6 7. Bd3 Be7 8. 0-0 Nh5 9. Bg3 Nxg3 10. fxg3 Qc7 11. Qe2 d5 12. e4 dxe4 13. Bxe4 cxd4 14. Nxd4 Nxd4 15. cxd4 0-0 16. Rac1 Qd7 17. Nf3 Rfd8 18. Kh1 Bxe4 19. Qxe4 Rac8 20. Rxc8 Qxc8 21. Ne5 Bf6 22. g4 Bxe5 23. dxe5 Qa6 24. Qf3 Rf8 25. Ra1 Qc4 26. h3 Qd4 27. Qe2 Rd8 28. Rc1 h6 29. Rc7 Rd7 30. Rxd7 Qxd7 31. Kh2 Qd4 32. Kg3 g5 33. Kh2 Qf4+ 34. Kg1 a5 35. Qb5 Qc1+ 36. Kh2 Qf4+ 37. Kg1 Qd4+ 38. Kh2 Kg7 39. Kh1 Kg6 40. Kh2 h5 41. gxh5+ Kxh5 42. g4+ Kh4 43. Qf1 Qxe5+ 44. Kh1 Qe4+ 45. Kg1 Qe3+ 46. Qf2+ Qxf2+ 47. Kxf2 Kxh3 48. Kf3 f5 49. Kf2 Kxg4 50. a3 a4 51. Ke2 f4 52. Kd3 f3 53. Kd2 Kg3 54. Kc3 f2 55. b3 axb3 56. Kxb3 f1Q 57. a4 Qf4 58. a5 bxa5 59. Kc3 Kf3 60. Kc2 Qe3 61. Kb2 Qd3 62. Kc1 Qe2 63. Kb1 a4 64. Kc1 a3 65. Kb1 Qb2# 0-1